من احاديث الرسول

محفوظ في:

المؤلف الرئيسي: ابراهيم محمود صنوبر.

التنسيق: كتاب

اللغة: Undetermined

منشور في: Jordan Educational publications 1967

الوسوم: إضافة وسم

لا توجد وسوم, كن أول من يضع وسما على هذه التسجيلة!

رقم الطلب: O40 SANU

LEADER 00375nam a2200121Ia 4500
008 240404s9999||||xx |||||||||||||| ||und||
050 4 |a O40 SANU 
100 1 |a ابراهيم محمود صنوبر. 
245 1 0 |a من احاديث الرسول  |c ابراهيم محمود صنوبر 
264 1 |a Jordan  |b Educational publications  |c 1967 
300 |a 232  |c 24 
942 |2 lcc  |c BK 
999 |c 57920  |d 57920